000 00685nam a22001817a 4500
999 _c9943
_d9943
003 AR-CdUCM
008 190328b ||||| |||| 00| 0 spa d
040 _aMUNICIPALIDAD PROVINCIAL DEL CUSCO
_cBIBLIOTECA MUNICIPAL DEL CUSCO
082 _a321.4 /
_bH41 / 1946
100 _aHayar L.B.V.
_926497
245 _aDemocracia Integral /
260 _bEscuela Tip salesiana,
_c1946.
300 _a301 paginas ;
_c21 cm.
505 _aContenido :Individuo --La familia --El estado --Órgano y función electoral --Órgano y función Legislativo --Poder(o mejor organo) Ejecutivo --El derecho --La ley ...
650 _aDemocracia Integral /
_926498
942 _2ddc
_cLIBROS
945 _arjall